[Event "I Torneo Cubano"]
[Site "http://www.queenalice.com/game.php?id=185989"]
[Date "2007.3.22"]
[Round "2"]
[White "CarlosCapaDuarte"]
[Black "hartto"]
[Result "1/2-1/2"]
[WhiteElo "2105"]
[BlackElo "2004"]

1. d4 e6 2. c4 b6 3. Nf3 Nf6 4. g3 Bb7 5. Bg2 Bb4+ 6. Bd2 a5 7. O-O O-O 8. Nc3
d5 9. cxd5 Bxc3 10. bxc3 Bxd5 11. a4 Nbd7 12. Qc2 c5 13. c4 Be4 14. Qb2 cxd4 15.
Qxd4 Nc5 16. Bf4 Bxf3 17. Qxd8 Rfxd8 18. Bxf3 Ra7 19. Rfd1 Rad7 20. Rdb1 Rd4 21.
Rxb6 Rxc4 22. Rc6 Rxa4 23. Rxa4 Nxa4 24. Bc7 Rc8 25. Bxa5 1/2-1/2

[Event "AUTO-ADV-230"]
[Site "http://www.queenalice.com/game.php?id=188248"]
[Date "2007.3.26"]
[Round "2"]
[White "jarac"]
[Black "CarlosCapaDuarte"]
[Result "1-0"]
[WhiteElo "2376"]
[BlackElo "2102"]

1. Nf3 Nf6 2. c4 e6 3. Nc3 d5 4. d4 c5 5. cxd5 Nxd5 6. e4 Nxc3 7. bxc3 cxd4 8.
cxd4 Nc6 9. Bc4 b5 10. Be2 a6 11. O-O Be7 12. d5 exd5 13. exd5 Nb4 14. a4 bxa4
15. Qxa4+ Bd7 16. Qb3 O-O 17. Bf4 a5 18. Bc4 Bf5 19. Nd4 Be4 20. Rad1 Bf6 21. d6
Qb6 22. Qe3 Bd5 23. Nc2 Qxe3 24. Nxe3 Be6 25. Bxe6 fxe6 26. Bg3 1-0

[Event "AUTO-ADV-230"]
[Site "http://www.queenalice.com/game.php?id=188249"]
[Date "2007.3.26"]
[Round "2"]
[White "CarlosCapaDuarte"]
[Black "jarac"]
[Result "0-1"]
[WhiteElo "2097"]
[BlackElo "2380"]

1. d4 Nf6 2. c4 g6 3. Nc3 Bg7 4. e4 c5 5. d5 d6 6. Nf3 Bg4 7. Be2 Nbd7 8. O-O
O-O 9. h3 Bxf3 10. Bxf3 Qb6 11. Qc2 e6 12. Be2 exd5 13. cxd5 a6 14. Be3 Rfe8 15.
Rab1 Qd8 16. a4 Qe7 17. Rfe1 Nxe4 18. Bd3 Nxc3 19. bxc3 Rab8 20. c4 Bd4 21. Bf1
Qf6 22. Bxd4 Qxd4 23. Rxe8+ Rxe8 24. Rxb7 Nf6 25. Qc1 a5 26. Ra7 Nh5 0-1

[Event "AUTO-MASTER-219"]
[Site "http://www.queenalice.com/game.php?id=202302"]
[Date "2007.4.25"]
[Round "2"]
[White "mds"]
[Black "CarlosCapaDuarte"]
[Result "1-0"]
[WhiteElo "2172"]
[BlackElo "2050"]

1. e4 c6 2. d4 d5 3. Nc3 dxe4 4. Nxe4 Bf5 5. Ng3 Bg6 6. h4 h6 7. h5 Bh7 8. Nf3
e6 9. Bd3 Bxd3 10. Qxd3 Nf6 11. Bd2 Be7 12. O-O-O O-O 13. Kb1 c5 14. Rhe1 Nc6
15. Bc3 cxd4 16. Nxd4 Qb6 17. Nxc6 bxc6 18. Ne4 1-0

[Event "AUTO-MASTER-219"]
[Site "http://www.queenalice.com/game.php?id=202303"]
[Date "2007.4.25"]
[Round "2"]
[White "CarlosCapaDuarte"]
[Black "mds"]
[Result "0-1"]
[WhiteElo "2062"]
[BlackElo "2163"]

1. d4 Nf6 2. c4 e6 3. Nf3 b6 4. g3 Bb7 5. Bg2 Be7 6. O-O O-O 7. d5 exd5 8. Nh4
c6 9. cxd5 Nxd5 10. Nf5 Bc5 11. e4 Ne7 12. Nxg7 Kxg7 13. b4 Bxb4 14. Qd4+ f6 15.
Qxb4 d5 0-1

[Event "AUTO-MASTER-219"]
[Site "http://www.queenalice.com/game.php?id=202306"]
[Date "2007.4.25"]
[Round "2"]
[White "ENDHER"]
[Black "CarlosCapaDuarte"]
[Result "0-1"]
[WhiteElo "2367"]
[BlackElo "2074"]

1. e4 c6 2. d4 d5 3. e5 Bf5 4. Nf3 e6 5. Be2 Ne7 6. Nbd2 c5 7. dxc5 Nec6 8. Nb3
Bxc5 9. Nxc5 Qa5+ 10. c3 Qxc5 11. Qb3 Qb6 12. Qa3 Bg4 13. Be3 Qc7 14. Bb5 Bxf3
15. gxf3 Qxe5 16. f4 Qc7 17. Rg1 g6 18. Bd4 Rg8 19. Bf6 Kd7 20. Be5 Qb6 21. Qd6+
Kc8 22. Bxc6 Nxc6 23. Qa3 a5 24. Kf1 Ra6 25. Rc1 Qb5+ 26. c4 dxc4 27. Qc3 Rd8
28. Qxc4 Rd1+ 29. Kg2 Rxg1+ 30. Kxg1 Qxc4 31. Rxc4 a4 32. h3 a3 33. b3 Kd7 34.
Rc3 Ke7 35. Rc5 Ra5 36. Rxa5 Nxa5 37. Bd4 Kd6 38. Bg7 Kd5 39. f3 Nc6 40. Bf8 Kd4
41. Kf2 Kc3 42. Bxa3 Nb4 43. Kg3 Nxa2 44. Kh4 Kxb3 45. Bf8 b5 46. Kg5 b4 47. Kf6
Kc2 48. Kxf7 b3 49. Ba3 Nc3 50. Kxe6 Nb5 0-1

[Event "AUTO-MASTER-219"]
[Site "http://www.queenalice.com/game.php?id=202307"]
[Date "2007.4.25"]
[Round "2"]
[White "CarlosCapaDuarte"]
[Black "ENDHER"]
[Result "1-0"]
[WhiteElo "2045"]
[BlackElo "2365"]

1. d4 d5 2. c4 Nf6 3. Nc3 e6 4. Nf3 Bb4 5. cxd5 exd5 6. Bg5 h6 7. Bh4 g5 8. Bg3
Ne4 9. Nd2 Nxg3 10. hxg3 c6 11. a3 Bf8 12. Qc2 Bg7 13. e3 Be6 14. Bd3 Nd7 15.
Nb3 Qc7 16. Na4 O-O-O 17. Nac5 Kb8 18. a4 h5 19. a5 Bf8 20. Qc3 Bg7 21. Rc1 Rde8
22. a6 b6 23. Nxe6 Rxe6 24. Bf5 Rf6 25. Qd3 Nf8 26. Qc2 Ng6 27. Bd3 h4 28. g4 h3
29. g3 Qc8 30. Qe2 h2 31. Nd2 Ne7 32. Kf1 Rfh6 33. Kg2 c5 34. dxc5 bxc5 35. e4
Re6 36. Nf3 f5 37. Nxg5 Rb6 38. gxf5 Bd4 39. Ne6 Rxe6 40. fxe6 Qxe6 41. Rhe1 Qf7
42. exd5 Nxd5 43. Be4 Nc7 44. Bf3 Qf5 45. b4 cxb4 46. Qc4 Bc5 47. Qxc5 Qxc5 48.
Rxc5 b3 49. Rb1 1-0

[Event "AUTO-MASTER-219"]
[Site "http://www.queenalice.com/game.php?id=202308"]
[Date "2007.4.25"]
[Round "2"]
[White "smurilo"]
[Black "CarlosCapaDuarte"]
[Result "1-0"]
[WhiteElo "2310"]
[BlackElo "2038"]

1. c4 Nf6 2. Nc3 e6 3. e4 d5 4. e5 Ng8 5. d4 Ne7 6. Nf3 dxc4 7. Bxc4 Nd7 8. O-O
Nb6 9. Bd3 Bd7 10. Ng5 Bc6 11. Qg4 g6 12. Nge4 Ned5 13. Bg5 Be7 14. Bh6 Rg8 15.
Ng5 Bf8 16. Bxf8 Rxf8 17. Nxh7 Rh8 18. Ng5 Qe7 19. Rfc1 O-O-O 20. a4 Rh5 21.
Nce4 Nb4 22. a5 N6d5 23. Be2 Rdh8 24. h3 Rh4 25. Qg3 Nf4 26. Bg4 1-0

[Event "AUTO-MASTER-219"]
[Site "http://www.queenalice.com/game.php?id=202309"]
[Date "2007.4.25"]
[Round "2"]
[White "CarlosCapaDuarte"]
[Black "smurilo"]
[Result "1/2-1/2"]
[WhiteElo "2033"]
[BlackElo "2325"]

1. d4 d6 2. e4 Nf6 3. Nc3 g6 4. Be3 c6 5. Qd2 b5 6. Bd3 Nbd7 7. Nf3 e5 8. dxe5
dxe5 9. h3 Bb7 10. a4 a6 11. O-O Bg7 12. Ne2 Qe7 13. Ng3 O-O 14. Bh6 Bxh6 15.
Qxh6 Nc5 16. axb5 cxb5 17. Rfe1 Rad8 18. Qe3 Rfe8 19. Red1 b4 20. Nd2 Qc7 21.
Nc4 b3 22. cxb3 Rd4 23. f3 Nxb3 24. Ra3 Nc5 25. Na5 Nxd3 26. Rdxd3 Rxd3 27. Qxd3
Bc8 28. Qc3 Qxc3 29. Rxc3 Bd7 30. Nf1 Nh5 31. Rc7 Bb5 32. Ne3 Nf4 33. Nac4 Bxc4
34. Nxc4 Rb8 1/2-1/2

[Event "AUTO-MASTER-213"]
[Site "http://www.queenalice.com/game.php?id=227517"]
[Date "2007.6.19"]
[Round "2"]
[White "CarlosCapaDuarte"]
[Black "mds"]
[Result "0-1"]
[WhiteElo "2039"]
[BlackElo "2180"]

1. d4 Nf6 2. c4 e6 3. Nf3 b6 4. g3 Bb7 5. Bg2 Bb4+ 6. Bd2 Qe7 7. O-O O-O 8. Bg5
h6 9. Bxf6 Qxf6 10. a3 Be7 11. Nc3 d6 0-1

[Event "I Torneo Cubano"]
[Site "http://www.queenalice.com/game.php?id=281197"]
[Date "2007.10.4"]
[Round "4"]
[White "esterminio1"]
[Black "CarlosCapaDuarte"]
[Result "1/2-1/2"]
[WhiteElo "2269"]
[BlackElo "2083"]

1. d4 Nf6 2. c4 e6 3. Nc3 Bb4 4. Qb3 c5 5. dxc5 Nc6 6. Bg5 h6 7. Bxf6 Qxf6 8.
Nf3 Bxc3+ 9. Qxc3 Qxc3+ 10. bxc3 b6 11. cxb6 axb6 12. a4 d6 13. e3 Ke7 14. Bd3
Na5 15. Rb1 Nb7 16. Kd2 Rxa4 17. Rhd1 Nc5 18. Rxb6 Bb7 19. Be2 Rha8 20. Ke1 R8a6
21. Rxa6 Rxa6 22. g3 e5 23. Nd2 Ra2 24. h4 Rc2 25. Nb1 Ne4 26. g4 g6 27. f3 Ng3
28. Nd2 Rxc3 29. Rb1 Ba6 30. Bd1 f5 31. Rb3 Rc1 32. Rb6 Bc8 33. Rb1 Rxb1 1/2-1/2

[Event "Capablanca vs Fischer"]
[Site "http://www.queenalice.com/game.php?id=318757"]
[Date "2007.12.12"]
[Round "-"]
[White "salva9001"]
[Black "CarlosCapaDuarte"]
[Result "1-0"]
[WhiteElo "2018"]
[BlackElo "2102"]

1. Nf3 Nf6 2. d4 e6 3. c4 b6 4. e3 Bb7 5. Be2 Be7 6. O-O O-O 7. Nbd2 c5 8. b3
cxd4 9. exd4 d5 10. Bb2 Nc6 11. Rc1 1-0

[Event "Team Lasker vs.team Fischer "]
[Site "http://www.queenalice.com/game.php?id=327613"]
[Date "2007.12.29"]
[Round "-"]
[White "CarlosCapaDuarte"]
[Black "Netferatu"]
[Result "1/2-1/2"]
[WhiteElo "2103"]
[BlackElo "2153"]

1. d4 Nf6 2. c4 e6 3. Nf3 b6 4. g3 Bb4+ 5. Bd2 Qe7 6. Bg2 Bb7 7. O-O O-O 8. Bg5
h6 9. Bxf6 Qxf6 10. a3 Be7 11. Nc3 d6 12. e4 Nc6 13. Re1 Rfd8 14. b4 a6 15. Qd3
Qg6 16. Rad1 Nb8 17. d5 e5 18. c5 dxc5 19. bxc5 Qf6 20. d6 cxd6 21. cxb6 Nd7 22.
Rb1 Nc5 23. Qe2 Rab8 24. Nd2 Qe6 25. Nd5 Qd7 26. Nc4 Bxd5 27. exd5 f5 28. Na5
Rf8 29. Nc6 Rb7 30. Qc4 Bf6 31. a4 Rc8 32. a5 Ra8 33. Bh3 Kh7 34. Qc2 g6 35. Bf1
e4 36. Bc4 Qg7 37. Qe2 Bc3 38. Rf1 g5 39. f3 Rf7 40. fxe4 fxe4 41. Rxf7 Qxf7 42.
Rf1 Qg7 43. g4 Kh8 44. Rf5 Kg8 45. Kg2 Qd7 46. Qe3 Qg7 47. Be2 Bf6 48. h4 Rf8
49. Qg3 Be7 50. hxg5 Bxg5 51. Rxf8+ Qxf8 52. Nd4 Bf4 53. Qf2 Bd2 54. Nb3 Bb4 55.
Nxc5 Bxc5 56. Qxf8+ Kxf8 57. Bxa6 Ke7 58. b7 Ba7 59. Kg3 Kd7 60. Be2 Kc7 61. a6
Bg1 62. Kf4 e3 63. Kf5 Bh2 64. Ke6 1/2-1/2

[Event "Bronstein Vs Capablanca board 8 "]
[Site "http://www.queenalice.com/game.php?id=334511"]
[Date "2008.1.11"]
[Round "-"]
[White "CarlosCapaDuarte"]
[Black "Juanjo"]
[Result "1-0"]
[WhiteElo "2090"]
[BlackElo "1992"]

1. d4 d5 2. c4 e6 3. Nc3 Nf6 4. g3 dxc4 5. Bg2 a6 6. Qa4+ Bd7 7. Qxc4 Bc6 8. e4
Nbd7 9. Bf4 Nb6 10. Qd3 Bb4 11. Rd1 O-O 12. Ne2 Bb5 13. Qc2 Ba4 14. b3 Bb5 15.
Bd2 Bxc3 16. Bxc3 Qe7 17. O-O a5 18. Rfe1 a4 19. Bd2 axb3 20. axb3 Rfd8 21. Bg5
e5 22. dxe5 Qxe5 23. Rxd8+ Rxd8 24. Bf4 Qe6 25. Qxc7 Rc8 26. Nd4 Rxc7 27. Nxe6
1-0